[Event "Cheliabinsk Sveshnikov 60 op"]
[Site "Cheliabinsk"]
[Date "2010.02.24"]
[Round "1"]
[White "Pivovarov, Michail"]
[Black "Vlasov, Vladislav"]
[Result "0-1"]
[WhiteElo "1930"]
[BlackElo "2238"]
[PlyCount "50"]
[EventDate "2010.02.24"]
[EventType "swiss"]
[EventRounds "9"]
[EventCountry "RUS"]
[SourceTitle "EXT 2012"]
[Source "ChessBase"]
[SourceDate "2011.11.24"]
[SourceVersion "1"]
[SourceVersionDate "2011.11.24"]
[SourceQuality "1"]

1. d4 Nf6 2. c4 c5 3. d5 e6 4. Nc3 exd5 5. cxd5 d6 6. e4 g6 7. Bd3 Bg7 8. Nge2 0-0 9. 0-0 a6 10. a4 Nbd7 11. f4 Qc7 12. b3 Re8 13. Rb1 b5 14. axb5 axb5 15. Ng3 b4 16. Nce2 h5 17. Qc2 Ba6 18. h4 Ng4 19. f5 Bxd3 20. Qxd3 Ra2 21. fxg6 fxg6 22. Bg5 Nde5 23. Qd1 c4 24. Rc1 Qb6+ 25. Kh1 Nd3 0-1

[Event "Cheliabinsk Cup"]
[Site "Cheliabinsk"]
[Date "2008.09.08"]
[Round "7"]
[White "Bakin, Alexander1111"]
[Black "Vlasov, Vladislav"]
[Result "1/2-1/2"]
[WhiteElo "2249"]
[BlackElo "2223"]
[PlyCount "49"]
[EventDate "2008.09.02"]
[EventType "swiss"]
[EventRounds "9"]
[EventCountry "RUS"]
[SourceTitle "EXT 2010"]
[Source "ChessBase"]
[SourceDate "2010.11.25"]
[SourceVersion "1"]
[SourceVersionDate "2010.11.25"]
[SourceQuality "1"]

1. e4 c5 2. Nf3 Nc6 3. Bc4 e6 4. Qe2 Qc7 5. c3 a6 6. a4 Na5 7. Ba2 c4 8. d4 cxd3 9. Qxd3 d6 10. 0-0 Nf6 11. Be3 Be7 12. Nbd2 b6 13. b4 Nc6 14. Bb3 0-0 15. Nc4 Rb8 16. a5 bxa5 17. Nxa5 Nxa5 18. Rxa5 Bb7 19. Nd2 d5 20. exd5 Rfd8 21. Qc4 Qxc4 22. Bxc4 Nxd5 23. Bxd5 Rxd5 24. Nb3 Rxa5 25. Nxa5 1/2-1/2

[Event "Cheliabinsk Cup"]
[Site "Cheliabinsk"]
[Date "2008.09.06"]
[Round "5"]
[White "Sotnikov, Alexander I"]
[Black "Vlasov, Vladislav"]
[Result "0-1"]
[WhiteElo "2283"]
[BlackElo "2223"]
[PlyCount "164"]
[EventDate "2008.09.02"]
[EventType "swiss"]
[EventRounds "9"]
[EventCountry "RUS"]
[SourceTitle "EXT 2010"]
[Source "ChessBase"]
[SourceDate "2010.11.25"]
[SourceVersion "1"]
[SourceVersionDate "2010.11.25"]
[SourceQuality "1"]

1. Nf3 c5 2. b3 Nf6 3. Bb2 e6 4. g3 b6 5. Bg2 Bb7 6. 0-0 Be7 7. d3 Nc6 8. e4 d5 9. Nbd2 d4 10. Ne1 h5 11. h4 Ng4 12. Bh3 g5 13. hxg5 Bxg5 14. Ng2 f5 15. Bc1 Qd7 16. a4 0-0-0 17. Nc4 Bf6 18. Bf4 e5 19. Bd2 h4 20. Qf3 Rdg8 21. Qxf5 Qxf5 22. Nd6+ Kc7 23. Nxf5 Nxf2 24. Rxf2 hxg3 25. Nxg3 Rxh3 26. Nf1 Rg6 27. Nh2 Bc8 28. Kh1 Be6 29. Raf1 Be7 30. Rf3 Rh7 31. Ne1 Rg8 32. Rg1 Rgh8 33. Rf2 Bh4 34. Re2 Bf7 35. Bg5 Bh5 36. Rd2 Bxe1 37. Rxe1 Rg8 38. Bh4 Bg4 39. Rg2 Rxh4 40. Kg1 Be6 41. Rxg8 Bxg8 42. Nf3 Rf4 43. Kg2 Be6 44. Rh1 Kd6 45. Rh6 Nb4 46. Ne1 Rg4+ 47. Kf2 Rg7 48. Rh2 Bg4 49. Rg2 Rf7+ 50. Kg1 Rf4 51. Rh2 Be6 52. Rh6 a6 53. Kg2 b5 54. axb5 axb5 55. Kg1 Rf8 56. Kg2 Ra8 57. Nf3 Nxc2 58. Ng5 Re8 59. Nf7+ Kc7 60. Nxe5 Nb4 61. Kf3 Bxb3 62. Kf4 Re7 63. Kf5 c4 64. dxc4 Bxc4 65. Rh2 Kb6 66. Nf3 Rf7+ 67. Kg4 d3 68. Rb2 Nc6 69. Nd2 Kc5 70. Nf3 b4 71. Rb1 b3 72. Nd2 Ne5+ 73. Kg3 Kb4 74. Rh1 Kc3 75. Nb1+ Kd4 76. Rh8 Ke3 77. Rd8 Rg7+ 78. Kh4 Nf3+ 79. Kh5 Bf7+ 80. Kh6 Rg6+ 81. Kh7 Ng5+ 82. Kh8 Ne6 0-1

[Event "Cheliabinsk CC"]
[Site "Cheliabinsk"]
[Date "2007.08.09"]
[Round "3"]
[White "Ilyin, Konstantin"]
[Black "Vlasov, Vladislav"]
[Result "1/2-1/2"]
[WhiteElo "2169"]
[BlackElo "2233"]
[PlyCount "77"]
[EventDate "2007.07.29"]
[EventType "tourn"]
[EventRounds "5"]
[EventCountry "RUS"]
[SourceTitle "EXT 2009"]
[Source "ChessBase"]
[SourceDate "2008.11.26"]
[SourceVersion "1"]
[SourceVersionDate "2008.11.26"]
[SourceQuality "1"]

1. Nf3 c5 2. c4 Nf6 3. g3 d5 4. cxd5 Nxd5 5. Bg2 Nc6 6. 0-0 e5 7. Qb3 Nc7 8. Nc3 Be7 9. d3 0-0 10. Be3 b6 11. Rac1 Be6 12. Qa4 Bd7 13. a3 Kh8 14. Nd2 Nd4 15. Qd1 Rc8 16. f4 Nf5 17. Bf2 exf4 18. gxf4 Bh4 19. e4 Bxf2+ 20. Rxf2 Ne3 21. Qf3 Nxg2 22. Rxg2 f5 23. Qg3 Ne6 24. Re1 Qf6 25. exf5 Qd4+ 26. Kh1 Rxf5 27. Ne2 Qf6 28. Ne4 Qf8 29. Reg1 Bc6 30. Qh3 Rc7 31. N2g3 g6 32. Nxf5 Nxf4 33. Qg3 Qxf5 34. Rf2 Rf7 35. Qg4 c4 36. Rxf4 Qxf4 37. Qc8+ Kg7 38. Qxc6 Qf3+ 39. Rg2 1/2-1/2

[Event "Cheliabinsk-ch"]
[Site "Cheliabinsk"]
[Date "2007.02.15"]
[Round "9"]
[White "Vlasov, Vladislav"]
[Black "Efanov, Nikolai Aleksandrov"]
[Result "0-1"]
[WhiteElo "2190"]
[BlackElo "2312"]
[PlyCount "96"]
[EventDate "2007.01.20"]
[EventType "tourn"]
[EventRounds "9"]
[EventCountry "RUS"]
[SourceTitle "EXT 2010"]
[Source "ChessBase"]
[SourceDate "2010.11.25"]
[SourceVersion "1"]
[SourceVersionDate "2010.11.25"]
[SourceQuality "1"]

1. e4 e6 2. d4 d5 3. Nc3 Be7 4. Nf3 Nf6 5. Bd3 c5 6. dxc5 dxe4 7. Nxe4 Nxe4 8. Bxe4 Qxd1+ 9. Kxd1 Bxc5 10. Be3 Bxe3 11. fxe3 Nd7 12. c4 Nf6 13. Bc2 b6 14. Ke2 Bb7 15. Rhd1 Rc8 16. Rd4 Ke7 17. b3 Nd7 18. Rad1 Rcd8 19. Be4 Bxe4 20. Rxe4 Nc5 21. Red4 f6 22. Rxd8 Rxd8 23. Rxd8 Kxd8 24. Nd4 Kd7 25. Nb5 a6 26. Nc3 Kc6 27. h3 Nd7 28. Kd3 Nc5+ 29. Kc2 Nd7 30. b4 Ne5 31. Kb3 Nd3 32. Ne2 Ne1 33. g4 Nd3 34. Kc3 Nf2 35. Ng1 g6 36. a3 f5 37. gxf5 gxf5 38. Kd4 Kd6 39. c5+ bxc5+ 40. bxc5+ Kc6 41. Nf3 Nxh3 42. Kc4 Kc7 43. Kb4 f4 44. exf4 Nxf4 45. Ne5 Ng6 46. Nf3 e5 47. Kc4 Kc6 48. Ne1 h5 0-1

[Event "Cheliabinsk-ch"]
[Site "Cheliabinsk"]
[Date "2007.02.03"]
[Round "7"]
[White "Vlasov, Vladislav"]
[Black "Blinov, Oleg"]
[Result "1-0"]
[WhiteElo "2190"]
[BlackElo "2243"]
[PlyCount "67"]
[EventDate "2007.01.20"]
[EventType "tourn"]
[EventRounds "9"]
[EventCountry "RUS"]
[SourceTitle "EXT 2010"]
[Source "ChessBase"]
[SourceDate "2010.11.25"]
[SourceVersion "1"]
[SourceVersionDate "2010.11.25"]
[SourceQuality "1"]

1. e4 e6 2. d4 d5 3. Nc3 Nf6 4. Bg5 Bb4 5. e5 h6 6. Be3 Ne4 7. Qg4 g5 8. Bd3 h5 9. Qf3 c5 10. Bxe4 cxd4 11. Bxd4 dxe4 12. Qxe4 Bd7 13. Nge2 Bc6 14. Qe3 Nd7 15. 0-0-0 Qe7 16. Ne4 Rg8 17. a3 Ba5 18. Nf6+ Nxf6 19. exf6 Qc7 20. Be5 Qb6 21. Qd3 Bd5 22. b4 Bxb4 23. axb4 Qxb4 24. Nd4 a6 25. Nf5 Rh8 26. Nd6+ Kf8 27. c4 Qc5 28. Qc3 Bxg2 29. Nxf7 Kxf7 30. Rd7+ Ke8 31. Rhd1 Bd5 32. Rc7 Qxf2 33. f7+ Kd8 34. cxd5 1-0

[Event "Cheliabinsk-ch"]
[Site "Cheliabinsk"]
[Date "2007.01.25"]
[Round "3"]
[White "Vyatkin, Dmitry"]
[Black "Vlasov, Vladislav"]
[Result "0-1"]
[WhiteElo "2335"]
[BlackElo "2190"]
[PlyCount "132"]
[EventDate "2007.01.20"]
[EventType "tourn"]
[EventRounds "9"]
[EventCountry "RUS"]
[SourceTitle "EXT 2010"]
[Source "ChessBase"]
[SourceDate "2010.11.25"]
[SourceVersion "1"]
[SourceVersionDate "2010.11.25"]
[SourceQuality "1"]

1. c4 e5 2. Nc3 Bb4 3. g3 Bxc3 4. bxc3 d6 5. Bg2 Nc6 6. Nf3 Be6 7. d3 f6 8. Rb1 Rb8 9. Qa4 Nge7 10. d4 Bd7 11. Qa3 b6 12. e4 0-0 13. 0-0 Qe8 14. Be3 Qf7 15. c5 dxc5 16. d5 Na5 17. Bxc5 Rfe8 18. Bb4 Nc4 19. Qa6 b5 20. Qxa7 Rec8 21. Qc5 Ng6 22. a4 c6 23. d6 bxa4 24. Ba5 Rb5 25. Rxb5 cxb5 26. Bc7 Ra8 27. Ra1 Nf8 28. Bf1 Ra6 29. Bxc4 Qxc4 30. Qxc4+ bxc4 31. Ne1 Ne6 32. Nc2 Nxc7 33. dxc7 Ra7 34. Na3 Rxc7 35. Rb1 Be6 36. Rb4 Ra7 37. f4 exf4 38. gxf4 Kf8 39. Kf2 Ke7 40. Ke2 g5 41. f5 Bf7 42. Kd2 h5 43. Ke2 h4 44. Kf2 Kf8 45. Ke2 Kg7 46. Kf2 Rd7 47. Rxa4 Rd2+ 48. Kg1 Ra2 49. Ra7 g4 50. Nb5 Rxa7 51. Nxa7 Kh6 52. Nc6 Kg5 53. Nd8 Bg8 54. Ne6+ Bxe6 55. fxe6 Kg6 56. Kf2 Kg7 57. Ke3 Kf8 58. Kf4 g3 59. hxg3 h3 60. Kf3 Ke7 61. g4 Kxe6 62. Kg3 Ke5 63. Kxh3 Kxe4 64. Kh4 Kd3 65. Kh5 Kxc3 66. Kg6 Kd3 0-1

[Event "Cheliabinsk-ch"]
[Site "Cheliabinsk"]
[Date "2007.01.23"]
[Round "2"]
[White "Vlasov, Vladislav"]
[Black "Sotnikov, Alexander I"]
[Result "1-0"]
[WhiteElo "2190"]
[BlackElo "2241"]
[PlyCount "53"]
[EventDate "2007.01.20"]
[EventType "tourn"]
[EventRounds "9"]
[EventCountry "RUS"]
[SourceTitle "EXT 2010"]
[Source "ChessBase"]
[SourceDate "2010.11.25"]
[SourceVersion "1"]
[SourceVersionDate "2010.11.25"]
[SourceQuality "1"]

1. e4 Nc6 2. d4 d5 3. Nc3 dxe4 4. d5 Ne5 5. Qd4 Ng6 6. Be3 e5 7. Qa4+ Bd7 8. Qb3 b6 9. 0-0-0 Bd6 10. Nxe4 f5 11. Nxd6+ cxd6 12. f4 e4 13. Ne2 Nf6 14. h3 0-0 15. Nd4 Nh5 16. Bb5 Bxb5 17. Qxb5 Qh4 18. Ne6 Rfc8 19. g4 Qg3 20. Qb3 fxg4 21. Rdg1 Qf3 22. Nd4 g3 23. Nxf3 exf3 24. f5 Ne5 25. Bd4 f2 26. Rxg3 Nxg3 27. Qxg3 1-0

[Event "Cheliabinsk-ch"]
[Site "Cheliabinsk"]
[Date "2007.01.20"]
[Round "1"]
[White "Kosov, Viacheslav"]
[Black "Vlasov, Vladislav"]
[Result "1/2-1/2"]
[WhiteElo "2125"]
[BlackElo "2190"]
[PlyCount "67"]
[EventDate "2007.01.20"]
[EventType "tourn"]
[EventRounds "9"]
[EventCountry "RUS"]
[SourceTitle "EXT 2010"]
[Source "ChessBase"]
[SourceDate "2010.11.25"]
[SourceVersion "1"]
[SourceVersionDate "2010.11.25"]
[SourceQuality "1"]

1. d4 Nf6 2. c4 e6 3. Nc3 Bb4 4. e3 0-0 5. Bd3 c5 6. Nf3 Nc6 7. 0-0 d6 8. Qc2 Qe7 9. Bd2 Bxc3 10. Bxc3 e5 11. d5 Nb4 12. Bxb4 cxb4 13. Nd2 Bd7 14. Qb3 a5 15. a3 bxa3 16. Rxa3 b6 17. e4 Rfb8 18. Be2 Be8 19. Qe3 Nd7 20. Rfa1 Qd8 21. Qc3 Nc5 22. b4 axb4 23. Qxb4 Rxa3 24. Rxa3 Rb7 25. Qb1 g6 26. Nb3 Nxb3 27. Rxb3 Kg7 28. Qb2 Qc7 29. h3 Bd7 30. f4 Qc5+ 31. Kh2 f6 32. fxe5 fxe5 33. Qa3 Qxa3 34. Rxa3 1/2-1/2